| 000 | 00700nam a2200301Ia 4500 | ||
|---|---|---|---|
| 005 | 20260330160906.0 | ||
| 008 | 008 300114s9999 xx 000 0 eng d | ||
| 020 | _a9781259081408 | ||
| 037 | _aEBOOK | ||
| 040 | _aCRL | ||
| 040 | _beng | ||
| 040 | _cCRL | ||
| 041 | _2eng | ||
| 041 | _aeng | ||
| 084 | _qCRL | ||
| 100 | _aRAGHAVAN | ||
| 245 | 0 | _aPRIN OF COMPILER DESIGN EB | |
| 250 | _a1 | ||
| 260 | _bMcgraw Hill | ||
| 260 | _c2009 | ||
| 365 | _aINR | ||
| 365 | _b65100 | ||
| 650 | _aComputer Science | ||
| 856 | _uhttps://resolver.vitalsource.com/9781259081408/?brand=mcgrawhillindia.vitalsource.com | ||
| 942 | _cEBOOK | ||
| 999 |
_c1844158 _d1844158 |
||